| 000 | 01236nam a22001577a 4500 | ||
|---|---|---|---|
| 999 |
_c514203 _d514203 |
||
| 008 | 201014b ||||| |||| 00| 0 eng d | ||
| 100 |
_aSanktjohanser, Anna _918647 |
||
| 245 | _aEndogenous monitoring in a partnership game | ||
| 260 | _aThe American Economic Review | ||
| 300 | _a110(3), Mar, 2020: p.776-796 | ||
| 520 | _aI consider a repeated game in which, due to imperfect monitoring, no collusion can be sustained. I add a self-interested monitor who commits to obtain private signals of firms' actions and sends a public message. The monitor makes an offer specifying the precision of the signals obtained and the amount to be paid in return. First, with a low monitoring cost, collusive equilibria exist. Second, collusive equilibria are monitor-preferred. Third, in monitor-preferred equilibria, firms' payoffs are decreasing in the discount factor. My model helps explain cartel agreements between self-interested parties and firms in legal industries in the United States and Europe. – Reproduced | ||
| 650 |
_aMarket structure, Pricing, Monopolization strategies, Stochastic and dynamic games, Evolutionary games, Repeated games _918648 |
||
| 773 | _aThe American Economic Review | ||
| 906 | _aMONOPOLY | ||
| 942 | _cAR | ||